Mapa de España sin 10 provincias aleatorias - Estadísticas

Estadísticas generales
  • Esta prueba ha sido intentada 102 veces
  • La puntuación promedio es 9 de 10
Respuestas en el mapa
Las respuestas están codificadas por una escala verde-roja en el mapa de la prueba según el % correcto abajo.
 
Estadísticas de respuestas
Provincia % Correcto
Asturias
100%
Badajoz
100%
Castellón
100%
Huelva
100%
Huesca
100%
Lérida
100%
Lugo
100%
Madrid
100%
Navarra
100%
Segovia
100%
Sevilla
100%
Valencia
100%
Ciudad Real
92%
Córdoba
92%
Guipúzcoa
92%
Tarragona
92%
Zamora
92%
Álava
91%
Cantabria
91%
La Rioja
91%
Murcia
91%
Almería
90%
Cuenca
90%
León
90%
Soria
90%
Zaragoza
90%
Alicante
89%
Ávila
89%
Cádiz
89%
Albacete
88%
Cáceres
88%
Salamanca
88%
Las Palmas
86%
Palencia
86%
Valladolid
86%
Burgos
85%
Guadalajara
85%
Barcelona
83%
Islas Baleares
83%
Toledo
83%
Jaén
80%
Santa Cruz de Tenerife
80%
Teruel
75%
Granada
67%
Málaga
67%
Orense
67%
Pontevedra
64%
Vizcaya
64%
Gerona
50%
La Coruña
50%
No se encontraron pruebas coincidentes
Distribución de puntuación
Porcentaje de gente con cada puntuación
Porcentaje por número respondido
Historial de tus puntuaciones
No has intentado esta prueba.